00783nab a2200205 uc450000100070000000500170000700800410002403500110006503500210007604000130009704100080011010000500011824501140016865000290028265000450031165000430035677301490039994200100054899900190055840932620251218100840.0990519e19971201 spa  a409326 a(OCoLC)819781646 ccomduadb aspa10aDíaz González, Federico4auteaut927420810aReflexiones sobre las actitudes del medico en la consulta de pacientes con enfermedades de transmision sexual aActitud sanitaria918509 7aRelaciones médico-paciente2dcs947558 7aEnfermedades transmisibles2dcs9444240 tIatreia : Revista Médica Universidad de Antioquia (Medellín)gVolumen 10, Número 04, Diciembre 1997, p. 137-143w318124x0121-07930105489 cARIMP c115248d115248